| Поле | Инд. | ПП | Название | Значение |
|---|---|---|---|---|
| Тип записи | a | |||
| Библиографический уровень | b | |||
| 001 | Контрольный номер | RU/IS/BASE/243608403 | ||
| 005 | Дата корректировки | 20200522191138.0 | ||
| 008 | Кодируемые данные | 20070920 | ||
| 040 | b | Код языка каталог. | rus | |
| e | Правила каталог. | PSBO | ||
| 041 | 0_ | a | Код языка текста | rus |
| 084 | a | Индекс другой классификации/Индекс ББК | 26.17г; 26.17л61; 85.153(2) | |
| 100 | 1_ | a | Автор | Фадеева Т. |
| q | Полное имя | Фадеева Татьяна | ||
| 245 | 10 | a | Заглавие | Коллекция старинных карт |
| 520 | 0_ | a | Аннотация | Об уникальной коллекции географических карт (XVI - XIX вв.) М.С. Воронцова из библиотеки Алупкинского дворца-музея. |
| 600 | 14 | a | Персоналии | Воронцов Михаил Семенович |
| 650 | 04 | a | Основная рубрика | графика |
| a | Основная рубрика | изобразительное искусство | ||
| a | Основная рубрика | искусство | ||
| a | Основная рубрика | история изобразительного искусства | ||
| a | Основная рубрика | картография | ||
| a | Основная рубрика | науки о Земле | ||
| 653 | 0_ | a | Ключевые слова | Алупка |
| a | Ключевые слова | атласы | ||
| a | Ключевые слова | географические карты | ||
| a | Ключевые слова | географические науки | ||
| a | Ключевые слова | географические открытия | ||
| a | Ключевые слова | география | ||
| a | Ключевые слова | история картографии | ||
| a | Ключевые слова | карты | ||
| a | Ключевые слова | коллекции | ||
| a | Ключевые слова | Крым | ||
| a | Ключевые слова | орнамент | ||
| a | Ключевые слова | орнаментика | ||
| a | Ключевые слова | прикладная графика | ||
| 773 | 0_ | t | Заглавие источника | Наше наследие |
| d | Дата издания источника | 1993 | ||
| g | Прочая информация | № 26. - С. 108 - 113 : ил. | ||
| w | Контрольный № источника | RU/IS/BASE/179596858 | ||
| 901 | t | Тип документа | b |